Материалы по режиму рек СССР. Т. 5: Бассейн Карского моря, моря Лаптевых и Восточно-Сибирского моря (Запись № 13599259)

Подробности
000 -МАРКЕР
контрольное поле 01139nam2a2200241 4500
001 - ИДЕНТИФИКАТОР ЗАПИСИ
контрольное поле rc\2939431
005 - ИДЕНТИФИКАТОР ВЕРСИИ
контрольное поле 20260315055643.0
035 ## - ДРУГИЕ СИСТЕМНЫЕ НОМЕРА
Идентификатор записи (NLR Aleph) 007088328
100 ## - ДАННЫЕ ОБЩЕЙ ОБРАБОТКИ
Данные общей обработки 20110824d1941 u y0rusy50 ca
101 0# - ЯЗЫК РЕСУРСА
Язык текста, звукозаписи и т.д. русский
102 ## - СТРАНА ПУБЛИКАЦИИ ИЛИ ПРОИЗВОДСТВА
Страна публикации российская федерация
105 ## - ПОЛЕ КОДИРОВАННЫХ ДАННЫХ: ТЕКСТОВЫЕ МАТЕРИАЛЫ, МОНОГРАФИЧЕСКИЕ
Кодированные данные о монографическом текстовом документе ab z |||||
200 1# - ЗАГЛАВИЕ И СВЕДЕНИЯ ОБ ОТВЕТСТВЕННОСТИ
Основное заглавие Бассейн Карского моря, моря Лаптевых и Восточно-Сибирского моря
Обозначение и номер части Вып. 3
Наименование части Бассейн р. Тобол
Первые сведения об ответственности Под ред. Г.В. Казанцева
210 ## - ПУБЛИКАЦИЯ, РАСПРОСТРАНЕНИЕ И ДР.
Дата издания, распространения и т.д. 1941
215 ## - ФИЗИЧЕСКАЯ ХАРАКТЕРИСТИКА
Специфическое обозначение материала и объем 258, [1] с., 2 л. табл., карт.
Другие сведения о физической характеристике табл., карт., граф.
461 #0 - УРОВЕНЬ НАБОРА
Встроенное поле 001rc\2939421
-- 2001#$aМатериалы по режиму рек СССР$fПод общ. ред. Д.Л. Соколовского$vТ. 5
Системный номер (АБИС) связанной записи 6547602
Место публикации Ленинград
Дата публикации 1939
Первые сведения об ответственности Под общ. ред. Д.Л. Соколовского
Имя издателя, распространителя и т.д. Гидрометеорол. изд-во
Заглавие Материалы по режиму рек СССР
Номер тома Т. 5
702 #1 - ИМЯ ЛИЦА - ВТОРИЧНАЯ ОТВЕТСТВЕННОСТЬ
Начальный элемент ввода Казанцев
Часть имени, кроме начального элемента ввода Г.В.
Код отношения Редактор
801 #0 - ИСТОЧНИК ЗАПИСИ
Страна российская федерация
Организация NLR
Правила каталогизации psbo
801 #1 - ИСТОЧНИК ЗАПИСИ
Страна российская федерация
Организация ELAR
Источник данных rusmarc
852 ## - МЕСТОНАХОЖДЕНИЕ И ШИФР ХРАНЕНИЯ
Идентификатор организации NLR
Шифр хранения (Call Number) Гн10 Г-7/7
942 ## - ДОПОЛНИТЕЛЬНЫЕ ЭЛЕМЕНТЫ ЗАПИСИ (АБИС)
Тип экземпляра АБИС Неопределено
980 ## - КОЛЛЕКЦИЯ
Название коллекции Национальная библиография

Нет доступных экземпляров.